| 000 | 00708 a2200169 4500 | ||
|---|---|---|---|
| 003 | NUST | ||
| 005 | 20230120181621.0 | ||
| 040 | _cNust | ||
| 082 | _a745.4,CAR | ||
| 100 |
_aCarrington, Noel _9107295 |
||
| 245 |
_a The Shape Of Things: _bAn Introduction to Design / _cNoel Carrington |
||
| 260 |
_aLondon _b Nicholson & Watsons _c1945 |
||
| 300 | _a190:p. | ||
| 505 | _aNature and Instruments of Design (Page-1), Taste and Fashion (Page-21), Common Utensils (Page-40), Furniture (Page-63), The House (Page-83), Vehicles and Travel (Page-109), The Countryside (Page-127), The City (Page-150), Artist and Machine (Page-172), Conclusion (Page-184). | ||
| 650 |
_a Design _925070 |
||
| 942 |
_2ddc _cBK _k745.4,CAR |
||
| 999 |
_c174700 _d174700 |
||